Lyrics to '11 Besos' by Morat - Statistics

General Stats
  • This quiz has been taken 24 times
  • The average score is 134 of 143
Answer Stats
Answer % Correct
a
100%
al
100%
alma
100%
beso
100%
besos
100%
boca
100%
calma
100%
Con
100%
corazón
100%
cuando
100%
Cuando
100%
De
100%
del
100%
dolor
100%
dos
100%
el
100%
El
100%
en
100%
encontré
100%
es
100%
esos
100%
esperaba
100%
favor
100%
fue
100%
ganan
100%
guerras
100%
Hizo
100%
la
100%
llego
100%
llegó
100%
lo
100%
los
100%
magia
100%
mal
100%
me
100%
Me
100%
no
100%
otros
100%
Pero
100%
que
100%
robó
100%
salen
100%
se
100%
te
100%
terminó
100%
todo
100%
tu
100%
100%
un
100%
una
100%
Unos
100%
Y
100%
yo
100%
adiós
80%
callaba
80%
dijiste
80%
explicación
80%
falta
80%
mi
80%
olvido
80%
vi
80%
decir
60%
dejaste
60%
Dios
60%
frío
60%
hace
60%
hoy
60%
le
60%
llega
60%
pido
60%
sentirme
60%
sobra
60%
vacío
60%
Vivo
60%
vivo
60%
voz
60%
No matching quizzes found
Score Distribution
Percent of People with Each Score
Percentile by Number Answered
Your Score History
You have not taken this quiz